Progressively Harder Flags - Statistics

General Stats
  • This quiz has been taken 426 times
  • The average score is 47 of 101
Answer Stats
Picture Answer % Correct
United States
97%
United Kingdom
94%
China
93%
France
93%
Italy
92%
Argentina
91%
Norway
91%
Russia
91%
Spain
91%
Turkey
90%
Iceland
88%
Indonesia
88%
Ireland
88%
Israel
88%
Egypt
86%
Scotland
85%
New Zealand
84%
Kazakhstan
82%
Colombia
81%
Georgia
81%
Greenland
81%
Nigeria
81%
Serbia
81%
Philippines
80%
Bangladesh
79%
Ghana
79%
Montenegro
79%
San Marino
79%
Andorra
78%
United Arab Emirates
77%
Guatemala
76%
Laos
76%
Puerto Rico
75%
Ethiopia
73%
Malaysia
73%
Mauritania
69%
Gibraltar
67%
Malawi
67%
Bolivia
66%
Brunei
65%
Faroe Islands
65%
Trinidad and Tobago
65%
Suriname
64%
Vanuatu
64%
Rwanda
63%
California
60%
El Salvador
59%
Macau
59%
Cape Verde
58%
Comoros
57%
Tuvalu
56%
Northern Ireland
53%
New Caledonia
44%
Niue
43%
Guernsey
41%
Quebec
38%
Zanzibar
36%
Tokelau
35%
Kurdistan
32%
New Mexico
32%
Anguilla
31%
Abkhazia
30%
Bonaire
28%
Azores
24%
Utah
24%
Crimea
20%
Tennessee
19%
Cayman Islands
16%
Saba
16%
Kansas
15%
Montana
13%
Michigan
12%
New Hampshire
12%
Pitcairn Islands
12%
North Dakota
11%
Chechnya
10%
Kaliningrad
10%
Tasmania
8%
French Southern and Antarctic Lands
7%
Galapagos Islands
7%
Saskatchewan
7%
Yukon
7%
Ascension Island
6%
Ingushetia
6%
Northwest Territories
6%
Mallorca
5%
Mordovia
5%
Sapmi
5%
Sergipe
4%
Tierra del Fuego
4%
Barotseland
2%
Hawaiian Gardens
2%
La Palma
2%
Arauca
1%
Aysen
1%
Bangsamoro
1%
Brecqhou
1%
Commewijne
1%
Juan Fernandez Islands
1%
Lord Howe Islands
1%
Republic of Cabinda
1%
No matching quizzes found
Score Distribution
Percent of People with Each Score
Percentile by Number Answered
Your Score History
You have not taken this quiz